[Event "GER T278-C31-S email"]
[Site "GER email"]
[Date "2018.05.28"]
[Round "?"]
[White "Von Wnuck, Marek"]
[Black "Zielinski, Sergej"]
[Result "1/2-1/2"]
[WhiteElo "1978"]
[BlackElo "2003"]
[PlyCount "73"]
[EventDate "2018.06.15"]
[EventType "tourn (corr)"]
[EventRounds "8"]
[EventCountry "GER"]
[SourceTitle "Corr 2022"]
[Source "ChessBase"]
[SourceDate "2021.10.24"]
[SourceVersion "1"]
[SourceVersionDate "2021.10.24"]
[SourceQuality "1"]

1. e4 e5 2. f4 d5 3. exd5 exf4 4. Nf3 Nf6 5. Bc4 c6 6. d4 Nxd5 7. 0-0 Bd6 8. Re1+ Be6 9. Bb3 Bc7 10. c4 Ne7 11. d5 Bg4 12. Qd4 0-0 13. Bxf4 Bxf3 14. Bxc7 Qxc7 15. gxf3 cxd5 16. cxd5 Nf5 17. Qg4 Nd6 18. Kh1 Nd7 19. Nc3 Rfe8 20. Rg1 g6 21. Qf4 Rac8 22. Ba4 Red8 23. Rac1 Qb8 24. Bxd7 Rxd7 25. Ne4 Nxe4 26. Rxc8+ Qxc8 27. fxe4 Qc5 28. Qf6 Qe7 29. Qxe7 Rxe7 30. Re1 Re5 31. d6 Kf8 32. Rc1 Ke8 33. Rc7 Rxe4 34. Rxb7 a5 35. Rb8+ Kd7 36. Rb7+ Ke8 37. Rb8+ 1/2-1/2

[Event "GER T278-C31-S email"]
[Site "GER email"]
[Date "2018.05.28"]
[Round "?"]
[White "Zielinski, Sergej"]
[Black "Von Wnuck, Marek"]
[Result "1/2-1/2"]
[WhiteElo "2003"]
[BlackElo "1978"]
[PlyCount "71"]
[EventDate "2018.06.15"]
[EventType "tourn (corr)"]
[EventRounds "8"]
[EventCountry "GER"]
[SourceTitle "Corr 2022"]
[Source "ChessBase"]
[SourceDate "2021.10.24"]
[SourceVersion "1"]
[SourceVersionDate "2021.10.24"]
[SourceQuality "1"]

1. e4 e5 2. f4 d5 3. exd5 exf4 4. Nf3 Nf6 5. Bb5+ c6 6. dxc6 Nxc6 7. d4 Bd6 8. 0-0 0-0 9. Nbd2 Bg4 10. c3 Rc8 11. Bd3 Re8 12. Re1 Qd7 13. Ne4 Nxe4 14. Rxe4 Rxe4 15. Bxe4 Bf5 16. Qd3 Bxe4 17. Qxe4 Re8 18. Qd3 Ne7 19. Bd2 Nf5 20. b4 f6 21. c4 Be5 22. Bc3 Ne3 23. h3 f5 24. Re1 Bf6 25. Bd2 Re4 26. Bxe3 fxe3 27. d5 Qe8 28. d6 Qe6 29. c5 Rxb4 30. Qxe3 Re4 31. Qd2 Rxe1+ 32. Nxe1 Qe5 33. Nf3 Qxc5+ 34. Kh1 Bd8 35. d7 Kf7 36. Ng5+ 1/2-1/2

[Event "GER MS-162 email"]
[Site "GER email"]
[Date "2012.07.01"]
[Round "?"]
[White "Goy, Udo"]
[Black "Von Wnuck, Marek"]
[Result "1/2-1/2"]
[WhiteElo "1987"]
[BlackElo "2053"]
[PlyCount "47"]
[EventDate "2012.07.09"]
[EventType "tourn (corr)"]
[EventRounds "6"]
[EventCountry "GER"]
[SourceTitle "Corr 2015"]
[Source "ChessBase"]
[SourceDate "2015.07.17"]
[SourceVersion "1"]
[SourceVersionDate "2015.07.17"]
[SourceQuality "1"]

1. d4 Nf6 2. c4 e6 3. Nf3 c5 4. e3 d5 5. Nc3 Nc6 6. a3 a6 7. cxd5 exd5 8. Be2 cxd4 9. exd4 Be7 10. 0-0 0-0 11. Ne5 Bd6 12. f4 Qb6 13. Be3 Nxe5 14. fxe5 Bxe5 15. Na4 Qa7 16. Qd3 Bd6 17. Rxf6 gxf6 18. Rf1 b5 19. Nc3 Rd8 20. Rxf6 Bf8 21. Bh6 Bg7 22. Bxg7 Kxg7 23. Qg3+ Kxf6 24. Qe5+ 1/2-1/2

[Event "GER MS-162 email"]
[Site "GER email"]
[Date "2012.07.01"]
[Round "?"]
[White "Von Wnuck, Marek"]
[Black "Even, Roland"]
[Result "1/2-1/2"]
[WhiteElo "2053"]
[BlackElo "2127"]
[PlyCount "31"]
[EventDate "2012.07.09"]
[EventType "tourn (corr)"]
[EventRounds "6"]
[EventCountry "GER"]
[SourceTitle "Corr 2015"]
[Source "ChessBase"]
[SourceDate "2015.07.17"]
[SourceVersion "1"]
[SourceVersionDate "2015.07.17"]
[SourceQuality "1"]

1. e4 c5 2. Nc3 Nc6 3. f4 e6 4. Nf3 d5 5. Bb5 Nge7 6. exd5 Nxd5 7. 0-0 Nxf4 8. d4 Ng6 9. Be3 cxd4 10. Nxd4 Bc5 11. Kh1 0-0 12. Nxe6 Qxd1 13. Nxd1 Bxe6 14. Bxc5 Rfc8 15. Ne3 a6 16. Be2 1/2-1/2

[Event "GER H-2168-E email"]
[Site "GER email"]
[Date "2010.12.14"]
[Round "?"]
[White "Bergner, Martin"]
[Black "Von Wnuck, Marek"]
[Result "1/2-1/2"]
[WhiteElo "2017"]
[BlackElo "1878"]
[PlyCount "56"]
[EventDate "2011.12.14"]
[EventType "tourn (corr)"]
[EventRounds "6"]
[EventCountry "GER"]
[SourceTitle "Corr 2015"]
[Source "ChessBase"]
[SourceDate "2015.07.17"]
[SourceVersion "1"]
[SourceVersionDate "2015.07.17"]
[SourceQuality "1"]

1. d4 Nf6 2. c4 e6 3. Nc3 c5 4. d5 exd5 5. cxd5 Bd6 6. e4 0-0 7. f4 Nxe4 8. Nxe4 Re8 9. Qe2 Na6 10. Nf3 c4 11. Kd1 Nc5 12. Nfg5 Nxe4 13. Nxe4 f5 14. Nxd6 Rxe2 15. Bxe2 Qf6 16. Nxc4 Qd4+ 17. Ke1 b5 18. Ne3 Bb7 19. Rf1 Re8 20. Rf3 g6 21. Kf1 b4 22. h3 h5 23. Nc2 Qe4 24. Bd3 Ba6 25. Kg1 Bxd3 26. Re3 Bxc2 27. Rxe4 Bxe4 28. Bd2 Bxd5 1/2-1/2